Los hermanos: convivencia, rivalidad, solidaridad

Gespeichert in:
Bibliographische Detailangaben
1. Verfasser: Sánchez García, Elena (VerfasserIn)
Format: Buch
Sprache:Spanisch
Veröffentlicht: Madrid Narcea 1983
Schriftenreihe:Colección Padres
Schlagworte:
Tags: Tag hinzufügen
Keine Tags, Fügen Sie den ersten Tag hinzu!

MARC

LEADER 00000nam a2200000 a 4500
001 UCW4382
003 CL-VaPUC
008 900322e19830000SP |||||||||||||||||spa|d
082 0 4 |a 155.443  |b SAN  |2 21 
100 0 |a Sánchez García, Elena  |e author  |9 309124 
245 1 4 |a Los hermanos: convivencia, rivalidad, solidaridad 
300 |a 126 p 
942 |c BK 
945 |d 19900322 00:00:00 
260 |a Madrid  |b Narcea  |c 1983 
650 7 |a HERMANOS ASPECTOS PSICOLOGICOS  |2 CL-VaPUC  |9 309125 
583 |a last modification  |c 19900322 00:00:00  |k Rodrigo Vera 
490 0 |a Colección Padres 
999 |c 218140  |d 218138 
952 |0 0  |1 0  |4 0  |6 155_443000000000000_SAN_1983  |7 0  |8 P  |9 207147  |a BIBEDU  |b BIBEDU  |c BIBEDU_PB  |d 2019-11-15  |i 2749106  |o 155.443 SAN 1983  |p 2749106  |r 2024-01-25  |w 2019-11-15  |y BK  |k EDU 
952 |0 0  |1 0  |4 0  |6 155_443000000000000_SAN_1983  |7 0  |8 P  |9 207148  |a BIBEDU  |b BIBEDU  |c BIBEDU_PB  |d 2019-11-15  |i 1606433  |o 155.443 SAN 1983  |p 1606433  |r 2024-01-25  |w 2019-11-15  |y BK  |k EDU